[Event "FRA-chT2 North 0809"]
[Site "France"]
[Date "2009.03.15"]
[Round "9.8"]
[White "Rascle, Adeline"]
[Black "Allaf, Alice"]
[Result "1-0"]
[WhiteElo "1620"]
[BlackElo "1380"]
[PlyCount "61"]
[EventDate "2008.10.19"]
[EventType "tourn"]
[EventRounds "11"]
[EventCountry "FRA"]
[SourceTitle "EXT 2010"]
[Source "ChessBase"]
[SourceDate "2010.11.25"]
[SourceVersion "1"]
[SourceVersionDate "2010.11.25"]
[SourceQuality "1"]
[WhiteTeam "Cergy Pontoise"]
[BlackTeam "Chess XV"]
[WhiteTeamCountry "FRA"]
[BlackTeamCountry "FRA"]

1. e4 e5 2. Nf3 d6 3. Nc3 Nf6 4. d3 b6 5. Be3 Bb7 6. Be2 Nbd7 7. 0-0 Be7 8. Nd2 0-0 9. f4 exf4 10. Bxf4 Ne5 11. Nf3 Nfg4 12. Nxe5 dxe5 13. Bxg4 exf4 14. Rxf4 Bd6 15. Rf3 Qh4 16. Rh3 Qg5 17. Qf3 Bc5+ 18. Kh1 Qd2 19. Qe2 Qg5 20. Rh5 Qg6 21. Bf5 Qf6 22. e5 Rfe8 23. exf6 Rxe2 24. Nxe2 g6 25. Rg5 Re8 26. Be4 Rxe4 27. dxe4 Bxe4 28. Re5 Bc6 29. Rd1 Bd6 30. Nc3 Kf8 31. Re2 1-0

[Event "FRA-chT1A 0708"]
[Site "France"]
[Date "2008.02.09"]
[Round "6.8"]
[White "Allaf, Alice"]
[Black "Mancini, Mario"]
[Result "0-1"]
[WhiteElo "1499"]
[BlackElo "2221"]
[PlyCount "60"]
[EventDate "2007.10.21"]
[EventType "team-tourn"]
[EventRounds "11"]
[EventCountry "FRA"]
[SourceTitle "EXT 2009"]
[Source "ChessBase"]
[SourceDate "2008.11.26"]
[SourceVersion "1"]
[SourceVersionDate "2008.11.26"]
[SourceQuality "1"]
[WhiteTeam "Chess XV"]
[BlackTeam "Chalons en Champagne"]
[WhiteTeamCountry "FRA"]
[BlackTeamCountry "FRA"]

1. e4 c5 2. Nf3 d6 3. d3 Nc6 4. Be3 g6 5. Nc3 Bg7 6. Be2 Nf6 7. Qd2 Ng4 8. Rb1 Nxe3 9. Qxe3 0-0 10. 0-0 Rb8 11. Rfd1 b5 12. d4 cxd4 13. Nxd4 Nxd4 14. Rxd4 Bxd4 15. Qxd4 a6 16. Rd1 Be6 17. b3 Qc7 18. Bd3 Rfc8 19. Ne2 Qc5 20. Qb2 f6 21. h3 Bf7 22. Qc1 Kg7 23. Rf1 Rd8 24. Kh1 d5 25. Ng3 Rbc8 26. Qf4 dxe4 27. Nxe4 Qc7 28. Qh4 h6 29. f4 Rd4 30. Qg4 f5 0-1